Understanding copyright law / (Record no. 13302)
[ view plain ]
| 000 -LEADER | |
|---|---|
| fixed length control field | 01217nam a2200217 a 4500 |
| 005 - DATE AND TIME OF LATEST TRANSACTION | |
| control field | 20140310182428.0 |
| 008 - FIXED-LENGTH DATA ELEMENTS--GENERAL INFORMATION | |
| fixed length control field | 120608s19uu xx 00 eng d |
| 020 ## - INTERNATIONAL STANDARD BOOK NUMBER | |
| International Standard Book Number | 9781422478912 |
| 050 ## - LIBRARY OF CONGRESS CALL NUMBER | |
| Classification number | KF 2994 |
| Item number | .L43 2010 |
| 100 ## - MAIN ENTRY--PERSONAL NAME | |
| Personal name | Leaffer, Marshall A. |
| 245 ## - TITLE STATEMENT | |
| Title | Understanding copyright law / |
| Statement of responsibility, etc | Marshall A. Leaffer. |
| 250 ## - EDITION STATEMENT | |
| Edition statement | 5th ed. |
| 260 ## - PUBLICATION, DISTRIBUTION, ETC. (IMPRINT) | |
| Place of publication, distribution, etc | New Providence, NJ : |
| Name of publisher, distributor, etc | LexisNexis, |
| Date of publication, distribution, etc | 2010. |
| 300 ## - PHYSICAL DESCRIPTION | |
| Extent | 607 p. : |
| Dimensions | 26 cm. |
| 500 ## - GENERAL NOTE | |
| General note | Includes bibliographical references and index. |
| 520 ## - SUMMARY, ETC. | |
| Summary, etc | Introduction to copyright and intellectual property law -- Subject matter of copyright : general standards -- Works of authorship : categories of copyrightable subject matter -- Publication, notice, and other formalities -- Ownership of copyright -- Duration, renewal, termination of transfers, and restoration of copyright -- Copyright registration and deposit -- The exclusive rights and their limitations -- Infringement and remedies -- Fair use and other defenses to copyright infringement -- Copyright law in a federal system : preemption of state law -- An overview of international copyright. |
| 521 ## - TARGET AUDIENCE NOTE | |
| Target audience note | |
| 650 ## - SUBJECT ADDED ENTRY--TOPICAL TERM | |
| Topical term or geographic name as entry element | Copyright --United States. |
| 942 ## - ADDED ENTRY ELEMENTS (KOHA) | |
| Koha item type | Books |
| Source of classification or shelving scheme | Library of Congress Classification |
| Call number prefix | Foreign |
| Withdrawn status | Lost status | Source of classification or shelving scheme | Damaged status | Home library | Current library | Shelving location | Date acquired | Source of acquisition | Total Checkouts | Full call number | Barcode | Date last seen | Copy number | Price effective from | Koha item type |
|---|---|---|---|---|---|---|---|---|---|---|---|---|---|---|---|
| Library of Congress Classification | Archives | Archives | 01/17/2014 | Donation | KF 2994 .L43 2010 | C14376 | 05/15/2018 | 1 | 01/17/2014 | Books |